000 00453nam a22001697a 4500
003 SISC
005 20160127142304.0
008 130904t xxu||||| |||| 00| 0 eng d
050 _aTL 205
_b.B724 1972
082 _aHS 621.8
_b Bo64 1973
245 _aBook of the car.
260 _aAfrica :
_bReaders digest Asso South Africa Ltd,
_cc1973.
300 _a440 p. :
_bill. ;
_c25 p. ;
650 _aCar
_916538
942 _2lcc
_cBK
999 _c10360
_d10360